Регионална библиотека "Любен Каравелов" - Русе

Нормален изглед MARC изглед
  • автомобилни производители

Вход 05. Топологично име

Брой записи, използвани в: 0

001 - Контролен номер на записа

  • Контролно поле: 401237

003 - Код на организацията, даваща контролен номер

  • Контролно поле: BLK

005 - Дата и час на последна промяна на записа

  • Контролно поле: 20191129104712.0

008 - Данни с фиксирана дължина – обща информация

  • Данни с фиксирана дължина : 191129|| aca||aabn | a|a d

151 ## - ГЕОГРАФСКА ПРЕДМЕТНА РУБРИКА

  • Топоним: автомобилни производители

942 ## - Системна служебна употреба

  • Koha auth type: GEOGR_NAME
Vip Innovations Ltd, Rousse, Bulgaria 2025